|
|
|
|
| LEADER |
01364nam a2200373 a 4500 |
| 001 |
EBC1220910 |
| 003 |
MiAaPQ |
| 005 |
20200520144314.0 |
| 006 |
m o d | |
| 007 |
cr cn||||||||| |
| 008 |
130622s2013 sg ad sb 000 0 eng d |
| 020 |
|
|
|z 9782869785533
|
| 020 |
|
|
|a 9782869785700 (electronic bk.)
|
| 035 |
|
|
|a (MiAaPQ)EBC1220910
|
| 035 |
|
|
|a (Au-PeEL)EBL1220910
|
| 035 |
|
|
|a (CaPaEBR)ebr10721184
|
| 035 |
|
|
|a (CaONFJC)MIL497940
|
| 035 |
|
|
|a (OCoLC)853361145
|
| 040 |
|
|
|a MiAaPQ
|c MiAaPQ
|d MiAaPQ
|
| 043 |
|
|
|a f-rh---
|
| 050 |
|
4 |
|a HD992.Z63
|b L36 2013
|
| 245 |
0 |
0 |
|a Land and agrarian reform in Zimbabwe
|h [electronic resource] :
|b beyond white-settler capitalism /
|c edited by Sam Moyo, Walter Chambati.
|
| 260 |
|
|
|a Dakar, Senegal :
|b CODESRIA,
|c 2013.
|
| 300 |
|
|
|a xiv, 357 p. :
|b col. ill.
|
| 490 |
0 |
|
|a CODESRIA book series
|
| 504 |
|
|
|a Includes bibliographical references.
|
| 533 |
|
|
|a Electronic reproduction. Ann Arbor, MI : ProQuest, 2015. Available via World Wide Web. Access may be limited to ProQuest affiliated libraries.
|
| 650 |
|
0 |
|a Land tenure
|z Zimbabwe.
|
| 650 |
|
0 |
|a Land reform
|z Zimbabwe.
|
| 655 |
|
4 |
|a Electronic books.
|
| 700 |
1 |
|
|a Moyo, Sam.
|
| 700 |
1 |
|
|a Chambati, Walter.
|
| 710 |
2 |
|
|a ProQuest (Firm)
|
| 856 |
4 |
0 |
|u https://ebookcentral.proquest.com/lib/matrademy/detail.action?docID=1220910
|z Click to View
|